00543nam a22001577a 4500003000900000008004100009040007100050082001700121100003100138245003100169260003500200300002800235505009100263650001400354650001700368AR-CdUCM190511b ||||| |||| 00| 0 spa d aMUNICIPALIDAD PROVINCIAL DEL CUSCOcBIBLIOTECA MUNICIPAL DEL CUSCO a335.4 /bO93 aOverstreet, Harry y Bonaro aLa esencia del comunismo / aBuenos Aires :bIndice,c1964. a349 páginas ;c21 cm. aContenido: Comienzos y desarrollo -- El partido en nuestro medio -- Que esta en juego. aComunismo aRevolución